00523nam a2200157Ia 4500999001700000082001200017100002000029245009700049260003400146300001000180650002300190650002300213710001700236942001200253952010000265 c18717d18717 aTU.0013 aUpreti, Nandini 0aProvisional parliament of India : A case study in the development of parliamentary democracy c1971bUniversity of Rajasthan a428p. aINDIA - PARLIAMENT aDEMOCRACY - INDIA  aIqbal Narain cTH2ddc 00104070aNASSDOCbNASSDOCd2004-10-08l0oTU.0013p4724r2019-04-18 00:00:00w2019-04-18yTH